Стратегия и тактика управления предприятием в переходной экономике. Вып. 18: Сборник материалов IX ежегодного открытого конкурса научно-исследовательских работ студентов и молодых ученых в области экономики и управления "Зеленый росток", г. Волгоград, 1-2 апреля 2009 г. (Запись № 3898982)

Подробности
000 -МАРКЕР
контрольное поле 02406nam2a22003491 4500
001 - ИДЕНТИФИКАТОР ЗАПИСИ
контрольное поле RU\NLR\Per\704850
005 - ИДЕНТИФИКАТОР ВЕРСИИ
контрольное поле 20260408003810.0
010 ## - МЕЖДУНАРОДНЫЙ СТАНДАРТНЫЙ НОМЕР КНИГИ (ISBN)
Номер (ISBN) 978-5-9948-0368-4
Тираж 150
035 ## - ДРУГИЕ СИСТЕМНЫЕ НОМЕРА
Идентификатор записи (NLR Aleph) 002952402
100 ## - ДАННЫЕ ОБЩЕЙ ОБРАБОТКИ
Данные общей обработки 20100917d2009 |||y0rusy50 ca
101 0# - ЯЗЫК РЕСУРСА
Язык текста, звукозаписи и т.д. русский
102 ## - СТРАНА ПУБЛИКАЦИИ ИЛИ ПРОИЗВОДСТВА
Страна публикации Российская Федерация
105 ## - ПОЛЕ КОДИРОВАННЫХ ДАННЫХ: ТЕКСТОВЫЕ МАТЕРИАЛЫ, МОНОГРАФИЧЕСКИЕ
Кодированные данные о монографическом текстовом документе y |||||||||
200 1# - ЗАГЛАВИЕ И СВЕДЕНИЯ ОБ ОТВЕТСТВЕННОСТИ
Основное заглавие Сборник материалов IX ежегодного открытого конкурса научно-исследовательских работ студентов и молодых ученых в области экономики и управления "Зеленый росток", г. Волгоград, 1-2 апреля 2009 г.
Первые сведения об ответственности под ред. проф. Г.С. Мерзликиной
210 ## - ПУБЛИКАЦИЯ, РАСПРОСТРАНЕНИЕ И ДР.
Дата издания, распространения и т.д. 2009
Место издания, распространения и т.д. Б. м.
215 ## - ФИЗИЧЕСКАЯ ХАРАКТЕРИСТИКА
Специфическое обозначение материала и объем 199, [1] с.
Другие сведения о физической характеристике ил.
Размеры 29
320 ## - ПРИМЕЧАНИЯ О НАЛИЧИИ В ДОКУМЕНТЕ БИБЛИОГРАФИИ / УКАЗАТЕЛЯ
Текст примечания Библиогр. в конце ст. и в подстроч. примеч.
461 #0 - УРОВЕНЬ НАБОРА
Встроенное поле 001RU\NLR\INFOCOMM18\1000230539
-- 2001#$aСтратегия и тактика управления предприятием в переходной экономике$eСб. науч. тр.$fВолгогр. гос. техн. ун-т$vВып. 18
Системный номер (АБИС) связанной записи 4602174
Место публикации Волгоград
Дата публикации 2000-
Первые сведения об ответственности Волгогр. гос. техн. ун-т
Имя издателя, распространителя и т.д. Политехник
Сведения, относящиеся к заглавию Сб. науч. тр.
Заглавие Стратегия и тактика управления предприятием в переходной экономике
Номер тома Вып. 18
606 1# - НАИМЕНОВАНИЕ ТЕМЫ КАК ПРЕДМЕТ
Наименование темы Предприятия
Формальный подзаголовок Сборники
Тематический подзаголовок Управление
Системный номер авторитетной/нормативной записи 2085264
Идентификатор авторитетной/нормативной записи RU\NLR\AUTH\661261378
606 1# - НАИМЕНОВАНИЕ ТЕМЫ КАК ПРЕДМЕТ
Наименование темы Транзитивная экономика
Формальный подзаголовок Сборники
Географический подзаголовок Российская Федерация
Системный номер авторитетной/нормативной записи 2120430
Идентификатор авторитетной/нормативной записи RU\NLR\AUTH\661280483
686 1# - ИНДЕКСЫ ДРУГИХ КЛАССИФИКАЦИЙ
Индекс У21(2)24я43
686 1# - ИНДЕКСЫ ДРУГИХ КЛАССИФИКАЦИЙ
Индекс У9(2)-17(2Р)я43
702 #1 - ИМЯ ЛИЦА - ВТОРИЧНАЯ ОТВЕТСТВЕННОСТЬ
Код отношения Редактор
Материалы, к которым относится поле rus
Графика поля Кириллица
Начальный элемент ввода Мерзликина
Часть имени, кроме начального элемента ввода Г. С.
Дополнения к именам, кроме дат д-р экон. наук
Даты 1954-
Расширение инициалов личного имени Галина Степановна
Идентификатор авторитетной/нормативной записи RU\NLR\AUTH\77122569
Системный номер авторитетной/нормативной записи 105494
710 12 - НАИМЕНОВАНИЕ ОРГАНИЗАЦИИ - ПЕРВИЧНАЯ ОТВЕТСТВЕННОСТЬ
Начальный элемент ввода "Зеленый росток", открытый конкурс научно-исследовательских работ студентов и молодых ученых в области экономики и управления
Порядковый номер временной организации и / или порядковый номер ее части 9
Дата проведения временной организации 2009
Место проведения временной организации Волгоград
Идентификатор авторитетной/нормативной записи RU\NLR\AUTH\8810168383
Системный номер авторитетной/нормативной записи 832590
801 #1 - ИСТОЧНИК ЗАПИСИ
Страна Российская Федерация
Организация InfoComm
Дата составления 20041218
801 #0 - ИСТОЧНИК ЗАПИСИ
Страна Российская Федерация
Организация NLR
Правила каталогизации PSBO
852 ## - МЕСТОНАХОЖДЕНИЕ И ШИФР ХРАНЕНИЯ
Идентификатор организации NLR
Шифр хранения (Call Number) П22/7425
942 ## - ДОПОЛНИТЕЛЬНЫЕ ЭЛЕМЕНТЫ ЗАПИСИ (АБИС)
Тип экземпляра АБИС Выпуск
980 ## - КОЛЛЕКЦИЯ
Название коллекции Национальная библиография
980 ## - КОЛЛЕКЦИЯ
Название коллекции Русская периодика

Нет доступных экземпляров.